000 00993nam a2200217Ii 4500
003 JO-AjNU
008 230605s9999||||xx |||||||||||||| ||und||
020 _a978-9953-18-169-1
040 _aJO-AjNU
_bara
_erda
_cJO-AjNU
041 _aara
050 1 4 _aBP144.Q3488.2010
100 3 _aتأليف قلعجي، محمد رواس ؛ قنيبي، حامد صادق مراجع ، سانو، قطب مصطفى، مترجم,
_eauthor
_928970
245 0 0 _aمعجم لغة الفقهاء : عربي-إنكليزي-فرنسي : مع كشاف إنكليزي-عربي-فرنسي بالمصطلحات الواردة في المعجم 
250 _aط3
264 3 1 _aبيروت: دار النفائس،2010
300 _a644ص
_bيشتمل على كشاف ص(163-642)
336 _atext
_btxt
_2rdacontent
337 _aunmediated
_bn
_2rdamedia
338 _avolume
_bnc
_2rdacarrier
650 4 _aالفقه الإسلامي -- معاجم -- الفقه الإسلامي -- مصطلحات
_928971
999 _aA11304
_c14872
_d14872